000 00303nam a22001217a 4500
040 _cSK
082 _a333
100 _aNA
245 _aLand management and administration project ministry of land management, urban planning and construction
260 _aNA
_bNA
_c2003
300 _a29p.
942 _cEK
999 _c9121
_d9121